000 00870nam a2200277 a 4500
999 _c3131
_d3131
003 PK-NaQUE
005 20250722093825.0
008 250722b ||||| |||| 00| 0 eng d
020 _a0071153012 (paperback)
020 _a9780071153010 (paperback)
040 _cQUEST
082 _a620.00285GOT
100 1 _aGottfried, Byron S.
245 1 0 _aSpreadsheet Tools for Engineers : Excel 97version
250 _aInternational edition.
260 _aBoston
_bMcGraw-Hill Education (ISE Editions),
_c1998.
300 _ax,383 p. ;
490 1 _aB.E.S.T. series.
500 _aInternational Edition.
650 _aMicrosoft Excel (Computer file)
650 _aEngineering--Data processing
650 _aElectronic spreadsheets
650 _aEngineering mathematics
856 4 0 _uhttp://10.10.170.122:8080/browse/book/27896
_yDownload eBook
942 _cBK
_2ddc